| 000 | 00330nam a22000977a 4500 | ||
|---|---|---|---|
| 008 | 230727b |||||||| |||| 00| 0 eng d | ||
| 040 |
_aNational Science Library _cNational Science Library |
||
| 245 | _aProceedings of the royal institution of Great Britain | ||
| 260 |
_aLondon: _bApplied Science Publishers Ltd., |
||
| 942 |
_2udc _cCR |
||
| 999 |
_c55534 _d55534 |
||